Countries With An Official State Religion - Statistics

General Stats
  • This quiz has been taken 58 times
  • The average score is 27 of 43
Answer Stats
Answer % Correct
Bhutan
88%
Myanmar
88%
Cambodia
83%
Iran
83%
Iraq
83%
Thailand
83%
Yemen
83%
Algeria
81%
Oman
81%
Kuwait
79%
Saudi Arabia
79%
Afghanistan
77%
Egypt
77%
Jordan
77%
Morocco
77%
Bahrain
75%
United Arab Emirates
75%
Vatican City
75%
Libya
71%
Pakistan
71%
Qatar
71%
Tunisia
71%
Somalia
69%
Bangladesh
67%
Malaysia
67%
Mauritania
63%
Sri Lanka
60%
Maldives
56%
Brunei
54%
Norway
52%
Comoros
50%
Iceland
50%
Monaco
50%
Denmark
48%
Djibouti
48%
Greece
48%
Liechtenstein
42%
Malta
29%
Dominican Republic
27%
Costa Rica
17%
Zambia
15%
Tuvalu
13%
Samoa
8%
No matching quizzes found
Score Distribution
Percent of People with Each Score
Percentile by Number Answered
Your Score History
You have not taken this quiz